[Event "UKR-ch KO 74th"]
[Site "Rivne"]
[Date "2005.08.30"]
[Round "4.1"]
[White "Efimenko, Zahar"]
[Black "Neverov, Valeriy"]
[Result "1-0"]
[WhiteElo "2643"]
[BlackElo "2572"]
[Annotator "Ftacnik,L"]
[PlyCount "49"]
[EventDate "2005.08.24"]
[EventType "k.o."]
[EventRounds "5"]
[EventCountry "UKR"]
[SourceTitle "CBM 109"]
[Source "ChessBase"]
[SourceDate "2005.11.14"]
[SourceVersion "1"]
[SourceVersionDate "2005.11.14"]
[SourceQuality "1"]

1. e4 c5 2. Nf3 d6 3. d4 cxd4 4. Nxd4 Nf6 5. Nc3 a6 6. Be2 e6 7. Be3 Be7 8. Qd2
Nc6 9. f4 O-O 10. O-O-O Bd7 11. g4 Nxd4 12. Qxd4 Bc6 13. g5 Nd7 14. h4 (14.
Rhg1) 14... Rc8 {It is not so clear, that black will need the rook on the c
file for the rapid counter attack on the queenside. It may make more sense to
begin the action with the natural advance 14...b5!?} (14... b5 $5 15. h5 e5 16.
Qd2 Nc5 (16... exf4 17. Bxf4 Nc5 18. Rhg1 Rc8 19. h6 b4 20. Bc4 Ne6 21. Nd5
Bxd5 22. Bxd5 {1-0 Andre,W (2230)-Dahl,B/Germany 1988/ (33)}) 17. f5 b4 18. Nd5
Bxd5 19. exd5 Ne4 20. Qxb4 Ng3 21. Qg4 Nxe2+ 22. Qxe2 Bxg5 23. Rdg1 Bxe3+ 24.
Qxe3 Qf6 {1/2-1/2 Ni Hua (2611)-Kunte,A (2550)/Calcutta 2004/ (33)}) (14... Re8
15. Kb1 b5 16. h5 Bf8 17. g6 fxg6 18. hxg6 hxg6 19. Rdg1 Nf6 20. Bf3 Rb8 21.
Rxg6 {1-0 Short,N (2535)-Wirthensohn,H (2405)/Luzern 1985/ (31)}) 15. Rhg1 (15.
Rhf1 e5 16. Qd2 exf4 17. Bxf4 Nc5 18. Qe3 Na4 19. Nd5 Re8 20. Bg4 Bxd5 21. Rxd5
Rc5 22. Rd4 {1-0 Sakharov,Y-Furman,S/Tallinn 1965/ (41)}) 15... Re8 16. f5 (16.
h5 Qa5 17. h6 $16) 16... b5 (16... exf5 17. exf5 Qa5 18. f6 $16) 17. a3 (17. f6
Bf8 18. h5 $16) 17... Bf8 (17... exf5 18. exf5 d5 $1) 18. f6 (18. fxe6 fxe6 19.
h5 $14) 18... Qc7 {Neverov did a good job of preparing the advance of the
central pawn unleashing the potential of his own pieces.} (18... d5 $5 19. exd5
Bxd5 20. Qd2 (20. h5 Bc5 21. Qd2 b4 22. axb4 (22. Nxd5 exd5 23. Bxc5 Nxc5 $17)
22... Bxb4 $132) 20... b4 21. Nxd5 exd5 22. axb4 Bxb4 23. Qxb4 Rxe3 24. Bg4 $14
) 19. h5 d5 (19... Red8 20. Rd2 $16) 20. exd5 Bxd5 21. Bd3 Qe5 $2 (21... Ne5 $5
22. Nxd5 exd5 23. Rg2 Nf3 $14) 22. g6 $1 {[%mdl 128] Efimenko is rapidly
opening the kingside proving the idea of a black's queen centralization
insufficient.} (22. Nxd5 exd5 23. Qxe5 Nxe5 24. Bf5 $16) 22... Rxc3 (22... Qxd4
23. Bxd4 hxg6 24. hxg6 Nxf6 25. Bxf6 gxf6 26. gxf7+ Kxf7 27. Bg6+ $18) (22...
fxg6 23. hxg6 Qxf6 24. Nxd5 Qxd4 25. Bxd4 exd5 26. gxh7+ Kh8 27. Rdf1 $18) (
22... Qxf6 23. Rdf1 Qxd4 24. gxf7+ Kh8 25. Bxd4 Red8 26. Nxd5 exd5 27. h6 $18)
23. gxf7+ Kxf7 (23... Kh8 24. fxg7+ $18) 24. Bg6+ $1 hxg6 (24... Kg8 25. f7+
Kh8 26. fxe8=Q Rxe3 27. Rgf1 $18) 25. hxg6+ (25. hxg6+ Kxf6 26. Qh4+ Kf5 27.
Rdf1+ $18) 1-0

[Event "EU-Cup 22nd"]
[Site "Fuegen"]
[Date "2006.10.14"]
[Round "7.2"]
[White "Nijboer, Friso"]
[Black "Volokitin, Andrei"]
[Result "0-1"]
[WhiteElo "2641"]
[BlackElo "2645"]
[Annotator "Ftacnik,L"]
[PlyCount "82"]
[EventDate "2006.10.08"]
[EventType "team-swiss"]
[EventRounds "7"]
[EventCountry "AUT"]
[SourceTitle "CBM 115"]
[Source "ChessBase"]
[SourceDate "2006.11.15"]
[SourceVersion "1"]
[SourceVersionDate "2006.11.15"]
[SourceQuality "1"]
[WhiteTeam "Eynatten"]
[BlackTeam "Saransk"]
[WhiteTeamCountry "BEL"]
[BlackTeamCountry "RUS"]

1. e4 c5 2. Nf3 d6 3. d4 cxd4 4. Nxd4 Nf6 5. Nc3 a6 6. Be2 e6 7. O-O Be7 8. f4
O-O 9. Kh1 Qc7 10. a4 b6 11. e5 dxe5 12. fxe5 Nfd7 13. Bf4 Bb7 14. Bd3 Nc5 15.
Qg4 Nxd3 $1 {Volokitin removes the dangerous bishop and hopes to survive on
the kingside with limited direct piece support.} (15... Rd8 16. Bg3 Bf8 17. Nf3
h6 18. Bf4 Nxd3 19. cxd3 Rxd3 20. Bxh6 Nd7 21. Bf4 Qc4 {0-1 Valerga,D (2470)
-Aagaard,J (2447)/Turin 2006/ (30)}) 16. cxd3 Kh8 (16... Rd8 17. Rac1 (17. Bg3
Bc5 18. Nf3 Be7 19. Rac1 Qd7 20. d4 Ra7 21. Bf4 Bxf3 22. Qxf3 Nc6 23. Be3 Rf8
24. Qg4 {1-0 Zelcic,R (2521)-Fercec,N (2474)/Ljubjana 2004/ (34)}) 17... Rxd4
18. Ne2 Qd8 19. Nxd4 Qxd4 20. Rc7 Ra7 21. Rxe7 Bxg2+ 22. Qxg2 Rxe7 23. Bh6 g6
24. Qf3 {1-0 Novikov,S (2513)-Wojtaszek,R (2622)/Pardubice 2006/ (32)}) 17. Nf3
(17. Qh5 Qd7 18. Nce2 f6 19. exf6 gxf6 20. Bg3 Nc6 21. Rf4 Nxd4 (21... Bc5 $5
$15) 22. Rxd4 Qe8 23. Qh6 e5 24. Rh4 Qf7 25. d4 {1-0 Delchev,A (2669)-Rotstein,
A (2528)/Bad Wiessee 2005/ (30)}) 17... Nc6 18. d4 Nb4 {Black is not hiding
the fact, that the main piece in the counterplay should be the bishop b7.} 19.
Rad1 (19. Ng5 Qc4 20. Qh5 Bxg5 21. Bxg5 Qxd4 22. Be7 Nd3 23. Bxf8 Nf2+ 24. Rxf2
Qxf2 25. Bxg7+ Kxg7 26. Qg5+ Kh8 27. Rg1 Rg8 28. Qf6+ Qxf6 29. exf6 Rg6 {
0-1 Delchev,A (2656)-Suba,M (2520)/Benasque 2005/ (44)}) 19... Qc4 20. Ng5 (20.
Bg5 f6 21. exf6 gxf6 22. Bh4 Rg8 $15) 20... Rad8 21. Qh5 {Nijboer is losing
confidence in his build up and prefers simplification with massive exchange of
pieces.} (21. Be3 $5 Bxg5 22. Qxg5 Rd7 $15) 21... Bxg5 22. Bxg5 Rxd4 23. Rxf7 (
23. Be7 Rd2 24. Rg1 Rxd1 25. Rxd1 Rg8 26. Qxf7 Nd3 $17) 23... Rxd1+ 24. Qxd1 (
24. Nxd1 $4 Qf1+ $1 $19) 24... Kg8 25. Rxf8+ (25. Rxb7 $2 Rf1+ $19) 25... Kxf8
26. Be3 (26. Qd8+ Kf7 27. Kg1 Qc5+ 28. Kf1 Qxe5 $17) 26... Nd3 27. Bxb6 Qc6 28.
Qf3+ $2 {White is already very skeptical about his position, but the demage
was still pretty limited after the best Qd2!?} (28. Qf1+ Kg8 29. a5 Nxb2 $19) (
28. Qd2 $5 Nxe5 (28... Qxb6 29. Qxd3 Qf2 30. Qd8+ Kf7 31. Qd7+ Kg6 32. Qxe6+
Kg5 33. h4+ $11) 29. Bd4 Nd3 $15) (28. Qf1+ Kg8 29. a5 Nxb2 $17) 28... Qxf3 29.
gxf3 Bxf3+ 30. Kg1 Nxb2 31. Kf2 Bc6 32. a5 $6 {Another second rate decision
and the final mistake in the game. Two spare pawns and uncompromised position
guarantee full success.} (32. Bd4 h6 33. Ne4 Nxa4 34. Nc5 Nxc5 35. Bxc5+ Kf7
$17) 32... Nd3+ 33. Ke3 Nxe5 $19 34. Bc7 Nd7 35. Nb1 (35. Ne4 Bxe4 36. Kxe4 g5
37. Bd8 h6 $19) 35... e5 36. Na3 Ke7 37. Nc4 Ke6 38. h4 Bd5 39. Nb6 Nf6 40. Kd3
Bc6 41. Kc4 Bb5+ (41... Bb5+ 42. Kc5 Ne4+ 43. Kb4 Nd2 $19) 0-1

[Event "GER-ch 70th"]
[Site "Bremen"]
[Date "1998.11.10"]
[Round "5"]
[White "Lutz, Christopher"]
[Black "Bangiev, Alexander J"]
[Result "1-0"]
[WhiteElo "2600"]
[BlackElo "2395"]
[Annotator "Ftacnik,L"]
[PlyCount "39"]
[EventDate "1998.11.06"]
[EventType "swiss"]
[EventRounds "9"]
[EventCountry "GER"]
[SourceTitle "CBM 068"]
[Source "ChessBase"]
[SourceDate "1999.02.01"]
[SourceVersion "1"]
[SourceVersionDate "1999.02.01"]
[SourceQuality "1"]

1. e4 c5 2. Nf3 d6 3. d4 cxd4 4. Nxd4 Nf6 5. Nc3 a6 6. Be3 e6 7. Be2 Qc7 8. a4
b6 9. f4 Bb7 10. Bf3 Nbd7 11. Qe2 e5 12. fxe5 (12. Nf5 g6 (12... h6 13. fxe5
Nxe5 14. Qf2 g6 15. Bxb6 Qc4 16. Ng3 Bg7 17. Be2 Qb4 18. Qd4 Qxb2 19. Rb1 Qxc2
20. O-O Nc6 21. Qe3 Nd7 22. Rfc1 Nxb6 23. Rxc2 Bd4 24. Kf2 {1-0 Tiviakov,
S-Belotti,B/Montecatini Terme 1995/EXT 97 (24)}) 13. fxe5 Nxe5 14. Bg5 Qd8 15.
Ne3 (15. Nh6 Be7 16. O-O Nfd7 17. Be3 Kf8 18. Qf2 Bg5 19. Rad1 Qe7 20. Bxg5
Qxg5 21. Bg4 Kg7 22. Bxd7 Kxh6 23. Rxd6 Rhd8 {1/2-1/2 Makarichev,S-Gutman,L/
Cheliabinsk 1975/MCD (50)}) 15... Bg7 16. O-O h6 17. Bh4 O-O 18. Rad1 (18. Ncd5
g5 19. Nxf6+ Qxf6 20. Bg4 Qd8 21. Bg3 Nxg4 22. Qxg4 Qe7 23. Nf5 Qxe4 24. Qxe4
Bxe4 25. Nxg7 Kxg7 26. Bxd6 Rfe8 {1/2-1/2 Topalov,V-Ivanchuk,V/Linares 1998/
CBM 64 (41)}) 18... Re8 19. Kh1 Rb8 20. Ncd5 Bxd5 21. Nxd5 g5 22. Bg3 Nxd5 23.
Rxd5 Qc8 24. Bh5 Re7 25. Rxd6 {1-0 Kobalija,M-Gallagher,J/Elista 1998/CBM 66
ext (78)}) (12. Nb3 Be7 13. O-O O-O 14. g3 Rfe8 15. Bg2 Rac8 16. Rae1 d5 17.
exd5 Bb4 18. fxe5 Bxc3 19. bxc3 Qxe5 20. c4 Qc3 21. Rf4 Ne5 {1/2-1/2 Kobalija,
M-Svidler,P/St. Petersburg 1998/ (21)}) 12... dxe5 (12... Nxe5 13. O-O g6 14.
Qe1 Bg7 15. Qh4 O-O 16. Bh6 {1/2-1/2 Svidler,P-Oll,L/Kazan 1997/CBM 63 (16)})
13. Nf5 g6 14. Nh6 (14. Ng3 Bb4 15. Bd2 O-O $11) 14... Bc5 (14... Bb4 15. Bd2
Nc5 16. O-O Bxc3 $2 17. Bxc3 Bxe4 18. Qc4 (18. Nxf7 $2 Qxf7 19. Bxe4 Ncxe4 20.
Rxf6 Qxf6 21. Qxe4 O-O $17) 18... Rc8 19. Bxe5 Qxe5 20. Qxf7+ Kd8 21. Rad1+ Bd3
22. cxd3 $16) 15. O-O-O (15. Qc4 Rf8 16. b4 Bd6 17. Qxc7 Bxc7 18. Rd1 $11)
15... Bxe3+ 16. Qxe3 Qc5 {Bangiev has good position, his only worry is the the
fate of f7 pawn due to the intrusive activities of Nh6.} (16... Rc8 $5 17. Rd2
Qc5) 17. Qg5 Qe7 (17... Rc8 18. Rhf1 Rf8) 18. Rhf1 Rf8 19. h4 O-O-O $2 {
[%mdl 8192] This blunder completely ignores white intentions. Black's undoing
is connected with an unprotected position of Qe7, that holds his position
together.} (19... Rc8 20. Ng4 Ng8 21. Ne3 f6 22. Qg3 Rxc3 23. bxc3 Qa3+ 24. Kd2
Qxa4 $13) 20. Bg4 $1 (20. Bg4 $1 Ng8 (20... Kc7 21. Bxd7 Rxd7 22. Rxd7+ Kxd7
23. Qxf6 $18) 21. Qxe7 Nxe7 22. Nxf7 $18) 1-0

[Event "Moscow Aeroflot op-A"]
[Site "Moscow"]
[Date "2004.02.21"]
[Round "5"]
[White "Efimenko, Zahar"]
[Black "Galkin, Alexander"]
[Result "0-1"]
[WhiteElo "2537"]
[BlackElo "2607"]
[Annotator "Ftacnik,L"]
[PlyCount "70"]
[EventDate "2004.02.17"]
[EventType "swiss"]
[EventRounds "9"]
[EventCountry "RUS"]
[SourceTitle "CBM 100"]
[Source "ChessBase"]
[SourceDate "2004.06.01"]
[SourceVersion "1"]
[SourceVersionDate "2004.06.01"]
[SourceQuality "1"]

1. e4 c5 2. Nf3 e6 3. Nc3 d6 4. d4 cxd4 5. Nxd4 Nf6 6. Be2 Be7 7. Be3 a6 8. Qd2
Qc7 9. O-O-O b5 10. a3 Bb7 11. f3 O-O 12. g4 Nc6 13. g5 Nd7 14. h4 b4 $5 {
Galking is fullfiling the black's dream in positions with a3 already played.
The only problem lays in the fact, that b pawn was provisionally sacrificed.} (
14... Nxd4 15. Bxd4 Ne5 16. h5 Rac8 17. Kb1 Rfd8 18. Qf4 Bf8 19. Rdg1 Nc4 20.
Bf6 Rd7 21. Bxc4 bxc4 22. Qg4 {1-0 Pogonina,N-Zakirova,E/Kazan 2001/ (53)}) (
14... Nce5 15. f4 Nc4 16. Bxc4 Qxc4 17. f5 Rfc8 18. g6 fxg6 19. fxg6 h5 20. Bg5
Nf6 21. Rh3 b4 22. axb4 Qxb4 23. Nxe6 Qa5 24. Qd4 {1-0 Leko,P-Van Wely,L/Wijk
aan Zee 2002/ (41)}) (14... Na5 15. g6 Nc4 16. Bxc4 Qxc4 17. gxh7+ Kxh7 18. Bg5
Nf6 19. h5 Bc8 20. Qg2 e5 21. Nf5 Bxf5 22. exf5 b4 23. axb4 Qxb4 24. Rdg1 Rg8
25. Bd2 Kh8 26. h6 {1-0 Van den Doel,E-Van Wely,L/Leeuwarden 2002/ (36)}) 15.
Nxc6 Bxc6 16. axb4 Rfb8 17. g6 $5 (17. b3 Qb7 18. Qd4 Bd8 19. Kb2 Bb6 20. Qd2
Bc7 21. Qd4 Bb6 22. Qd2 Bc7 23. Qd4 {1/2-1/2 Rytshagov,M-Vasquez,R/Gothenburg
2003/ (23)}) 17... fxg6 (17... hxg6 $2 18. h5 gxh5 19. Rxh5 Nf6 20. Rh3 $16)
18. h5 gxh5 (18... Nf8 19. h6 gxh6 20. Bxh6 Qb6 21. Qd4 Qxd4 22. Rxd4 Bb5 $11)
19. Bc4 (19. Rxh5 Nf6 20. Rh3 Qb7 21. Bc4 Bd7 22. Bb3 Qxb4 23. Rg1 $13) 19...
Nf8 20. Rdg1 {Efimenko makes no bones about his dream of breaking through the
kingside.} (20. Rxh5 Rxb4 21. Bb3 Rab8 22. Bf4 Rxb3 23. cxb3 e5 24. Be3 Rxb3
$15) 20... Bf6 21. Bd4 (21. Bf4 Be8 22. Bb3 Be5 23. Bxe5 dxe5 $15) 21... Bxd4
22. Qxd4 Be8 23. f4 (23. Bb3 a5 $1 24. bxa5 Rxa5 $15) 23... d5 $6 {Black is
throwing sand into white works, but it also gives an agressor additional
options.} (23... Kh8 24. Be2 Ng6 25. Rf1 e5 26. fxe5 dxe5 27. Qc5 Qxc5 28. bxc5
Nf4 $17) 24. exd5 Rxb4 25. b3 Rd8 (25... Bg6 26. dxe6 Rxc4 27. Qxc4 Qxc4 28.
bxc4 Nxe6 29. Nd5 Kf7 $11) 26. d6 $2 {[%mdl 8192] Efimenko pays back the
courtesy and probably misses 28th black move. Much better was 26.Qe5!? with
good chances.} (26. Qe5 $5 Qxe5 27. fxe5 Bb5 28. dxe6 Bxc4 29. e7 Re8 30.
exf8=Q+ Kxf8 31. bxc4 Rxe5 32. Rh4 $14) (26. Rd1 Qa5 27. Qe5 Bg6 28. Kb2 Rc8
$13) 26... Rxd6 27. Bxe6+ (27. Qe5 Bg6 $17) 27... Nxe6 28. Qxb4 Rd4 29. Qa3 (
29. Nd5 Rxd5 $19) 29... Qxc3 {White is hopelessly lost since his attack has
never really blossomed.} 30. Qxa6 Nc5 31. Qa2 (31. Qa3 Ra4 32. Rh3 Qa1+ $1 33.
Qxa1 Rxa1+ 34. Kb2 Rxg1 $19) 31... Bc6 (31... Ra4 32. bxa4+ Bf7 33. Qb1 Nb3+
34. Qxb3 Bxb3 $19) 32. Rxh5 Qe3+ 33. Kb2 Nd3+ $1 34. Ka3 (34. cxd3 Qf2+ 35. Ka3
Qxg1 $19) 34... Qe7+ 35. b4+ Bd5 0-1

[Event "URS-ch58"]
[Site "Moscow"]
[Date "1991.??.??"]
[Round "3"]
[White "Lukin, Andrei M"]
[Black "Yudasin, Leonid"]
[Result "0-1"]
[WhiteElo "2445"]
[BlackElo "2595"]
[Annotator "Ftacnik,L"]
[PlyCount "72"]
[EventDate "1991.11.??"]
[EventType "swiss"]
[EventRounds "11"]
[EventCountry "URS"]
[SourceTitle "URS-ch"]
[Source "ChessBase"]
[SourceDate "1999.07.01"]
[SourceVersion "1"]
[SourceVersionDate "1999.07.01"]
[SourceQuality "1"]

1. e4 c5 2. Nf3 d6 3. d4 cxd4 4. Nxd4 Nf6 5. Nc3 a6 6. f4 e6 7. Be2 Qc7 8. O-O
Be7 9. Kh1 O-O 10. a4 b6 $5 11. Bf3 Bb7 12. e5 dxe5 13. fxe5 Nfd7 14. Bxb7 Qxb7
15. Bf4 Nc6 $1 16. Qf3 Rac8 17. Rad1 Kh8 $1 (17... Nc5 $2) 18. Rf2 (18. Rd2 Nc5
19. Rfd1 (19. Nxc6 $10) 19... Nxd4 (19... f6 $10) 20. Qxb7 Nxb7 21. Rxd4 Nc5
22. h3 (22. b4 Nb3 $1 23. R4d3 Nd4 $1 $15) 22... h6 $10) (18. Nxc6 $5 Rxc6 19.
Rd2 (19. Rf2 f5 $5 $10) (19. Rd4 f5 $5 $10) 19... f5 $5 $10 (19... Rc7 $13) (
19... Nc5) (19... Bb4 $5) (19... Qc8 $5)) 18... Nc5 $1 19. Nxc6 Qxc6 20. Qxc6
Rxc6 21. b4 $2 (21. Rfd2 h6 $10) 21... Nb7 $1 22. Na2 (22. Rd7 Bxb4 $1 23. Rxb7
(23. Na2 Bc5 $17) 23... Bxc3 24. Be3 Kg8) 22... Rd8 23. Rxd8+ (23. Rfd2 $2 Rxc2
$1) 23... Nxd8 $17 24. Be3 (24. Rd2 $5 Rc4 $5 (24... Kg8 $5 25. Be3 Kf8 26. b5
Rc4 27. Bxb6 Rxa4 28. Nc3 Ra1+ 29. Nd1 Ke8) 25. Rd7 (25. Be3 b5) 25... Rxf4 26.
g3 Rf2 (26... Rf1+ 27. Kg2 Ra1 28. Rxe7 h6 $1 29. Nc3 Rc1) 27. Rxe7 g5 28. Re8+
Kg7 29. Rxd8 Rxc2 30. Ra8 a5 31. bxa5 bxa5 32. Rxa5 Rxa2) 24... b5 25. Rd2 (25.
axb5 $2 axb5 26. Rd2 Ra6 $1) 25... Rc4 $1 (25... Kg8 26. Bc5 $1 Bxc5 (26... Bg5
27. Be3 $1 Be7 28. Bc5 $10) 27. bxc5 (27. Rxd8+ Bf8 $17) 27... Rc8 $8 28. Nb4
$13) 26. axb5 axb5 27. Rd7 (27. Bc5 Bg5 28. Be3 $2 Re4 $19) (27. c3 h6) 27...
Nc6 28. c3 $8 Re4 $1 29. Bg1 $8 h5 $1 30. Rc7 (30. g4 Bg5) 30... Bg5 31. Rxc6 (
31. Rxf7 Re1 32. Rf3 $8 Nxe5 33. Rh3 g6) 31... Re1 32. g3 (32. g4 Be3 33. Kg2
Rxg1+ 34. Kf3 Bd2 $1 35. Rd6 (35. gxh5 Ra1 36. Ra6 Bxc3 $19) 35... Bh6 36. gxh5
Re1 $17) 32... Be3 33. Kg2 Bxg1 (33... Rxg1+ 34. Kf3 Bh6 35. c4 $1 $132 {} Ra1
36. cxb5 $1 Rxa2 37. b6) 34. Rc7 (34. Rc8+ Kh7 35. Rb8 $2 Ba7 $1) 34... Ra1 $5
(34... Bb6 35. Rb7 Re2+ 36. Kf3 Rf2+ 37. Ke4 $132) 35. Rb7 $2 (35. Rxf7 Bb6 36.
Rf8+ Kh7 37. Ra8 Bc7 $17) 35... Be3 36. Kf3 (36. Rb8+ Kh7 37. Ra8 g5 $19) 36...
Bd2 0-1

[Event "Pardubice"]
[Site "Pardubice"]
[Date "1994.??.??"]
[Round "5"]
[White "Shirov, Alexei"]
[Black "Ftacnik, Lubomir"]
[Result "1/2-1/2"]
[WhiteElo "2740"]
[BlackElo "2570"]
[Annotator "Ftacnik,L"]
[PlyCount "84"]
[EventDate "1994.07.??"]
[EventType "tourn"]
[EventRounds "9"]
[EventCountry "CZE"]
[EventCategory "15"]
[SourceTitle "CBM 042"]
[Source "ChessBase"]
[SourceDate "1994.10.01"]
[SourceVersion "1"]
[SourceVersionDate "1994.10.01"]
[SourceQuality "1"]

1. e4 c5 2. Nf3 d6 3. d4 cxd4 4. Nxd4 Nf6 5. Nc3 a6 6. Be3 e6 7. Be2 Qc7 8. g4
h6 (8... b5 9. g5 Nfd7 $13) 9. f4 e5 $6 (9... b5 10. g5 hxg5 11. fxg5 Nfd7 12.
g6 Ne5 13. gxf7+ Qxf7 $13) 10. Nf5 (10. Nb3 exf4 11. Bxf4 Be6 $13) 10... g6 (
10... exf4 11. Bxf4 {xd6}) 11. Ng3 (11. g5 hxg5 12. fxg5 $1 (12. fxe5 dxe5 13.
Bxg5 Nbd7 14. Ne3 Bb4 $132) 12... Nxe4 13. Nxe4 (13. Nd5 Qc6) 13... Bxf5 14.
Nf6+ Kd8 15. Nd5 Qc6 16. Bb6+ Kc8 17. Bf3 e4 18. Qd4 Rh4 19. Qf6 Qe8 20. Bg2
$16) 11... exf4 12. Bxf4 Be6 (12... Nbd7 13. Qd2 Ne5 14. g5 $1 hxg5 15. Bxg5
$16) 13. Qd2 $6 (13. Qd4 $1 Nbd7 (13... Be7 14. Nd5 Bxd5 15. exd5 Qa5+ (15...
Nbd7 16. O-O-O $14) 16. Bd2 Qxd5 (16... Qc5 17. Qxc5 dxc5 18. c4 Nbd7 $14) 17.
Qxd5 Nxd5 18. Bf3 Nb6 19. Bxb7 Ra7 20. Bf3 $14) 14. O-O-O Ne5 15. g5 hxg5 16.
Bxg5 Nfd7 17. Nd5 $14) 13... Nbd7 (13... Nxg4 $2 14. Bxg4 Bxg4 15. Nd5 Qd8 16.
Qc3 $18) 14. O-O-O O-O-O (14... Nxg4 $5 15. Bxg4 Bxg4 16. Qd4 (16. Nd5 Qc4 17.
b3 Qc5 18. Rde1 O-O-O $13) 16... Bxd1 17. Qxh8 Bg4 18. Nd5 Qc5 19. Bxh6 O-O-O
$13) 15. Nd5 (15. Bxd6 Bxd6 16. Qxd6 Qxd6 17. Rxd6 Bxg4 18. Bc4 (18. Rhd1 Bxe2
19. Ngxe2 Rhe8 $10) 18... Kc7 $1 19. e5 Nxe5 20. Rxf6 Nxc4 21. Rxf7+ Kb8 $10) (
15. g5 hxg5 16. Bxg5 Be7 $10) (15. h3 Ne5 16. g5 hxg5 17. Bxg5 Be7) 15... Bxd5
16. exd5 Bg7 17. h4 $6 (17. Kb1 Rde8 (17... Nb6 18. c4 $1) 18. Qb4 Nc5 19. Bf3
Nfd7 $13) 17... Nb6 18. Qa5 (18. Bf3 Nh5 $6 (18... Nc4 19. Qb4 a5 20. Qb3 Nd7
$40) 19. gxh5 Bxb2+ 20. Kb1 (20. Kxb2 Nc4+ 21. Ka1 Nxd2 22. Bxd2 $16) 20... Bc3
21. Qe3 $16 Qc4 $140 22. Qxb6) 18... Rhe8 19. Rd3 $2 (19. g5 Ne4 20. Nxe4 Bxb2+
21. Kxb2 Nc4+ 22. Bxc4 Qxa5 23. Nd2 (23. Nxd6+ Rxd6 24. Bxd6 Qb6+ 25. Bb3 Qxd6
$17) 23... Qb4+ 24. Ka1 b5 $17) (19. Bf3 Qc4 20. Bd2 Nfxd5 $17) 19... Ne4 20.
Rb3 $8 (20. Qe1 Nc5 21. Rd1 Nca4 22. c3 Nxb2 $1 23. Kxb2 Bxc3+ 24. Qxc3 Na4+
$19) (20. Nxe4 Rxe4 21. Be3 Nc4 22. Qxc7+ Kxc7 23. Rf1 Nxe3 24. Rxf7+ Rd7 $19)
20... Nxg3 21. Bxa6 $1 (21. Bxg3 Rxe2 $19) 21... Ne2+ (21... Bd4 22. Bxg3 bxa6
23. Rd1 Bc5 (23... Be3+ 24. Rxe3 Rxe3 25. Bf2 Rde8 26. Bxe3 Rxe3 27. Qxa6+ $13)
24. Qxa6+ Qb7 25. Qb5 $132) (21... Nxh1 22. Rxb6 Re1+ 23. Kd2 Rde8 24. Rc6 (24.
Bxb7+ Qxb7 25. Rxb7 R8e2+ 26. Kd3 Nf2+ 27. Kc4 Rxc2+ 28. Kb3 Rxb2+ 29. Ka3
Rxa2+ $1 $19) 24... R8e2+ 25. Bxe2 (25. Kd3 Nf2+ 26. Kc4 Rxc2+ $19) 25... Rxe2+
26. Kxe2 bxc6 27. Qa8+ Kd7 28. Qg8 $36) (21... Re2 $5 22. Bxe2 (22. c3 Rxb2 $3
23. Kxb2 Nc4+ 24. Bxc4 Qxa5 25. Bxg3 Re8 $17) 22... Nxe2+ 23. Kb1 Nxf4 24. Rxb6
Nxd5 25. Qa8+ Qb8 26. Qxb8+ Kxb8 27. Rb3 $17) 22. Kd1 (22. Kb1 Bd4 $17) 22...
Bd4 (22... Nxf4 23. Rxb6 Nxd5 (23... Re5 24. Bxb7+ Qxb7 25. Rxb7 Rxd5+ 26. Qxd5
Nxd5 27. Rxf7 Bxb2 28. Kd2 $13) 24. Bxb7+ Qxb7 25. Rxb7 Ne3+ 26. Kc1 Kxb7 27.
Qb5+ $13) 23. Bxe2 (23. c3 Nxf4 24. cxd4 Nfxd5 $19) 23... Rxe2 24. Kxe2 (24. c3
Rde8 $19) 24... Qxc2+ 25. Qd2 Qe4+ 26. Be3 Bxe3 (26... Re8 $1 27. Rc1+ Kb8 28.
Rd3 Qxg4+ 29. Kf1 Qh3+ 30. Ke2 Nxd5 $19) (26... Qg2+ 27. Kd3 Qxh1 28. Bxd4 Nxd5
$17) 27. Qxe3 Qg2+ (27... Qxh1 $5 28. Rxb6 Qxd5 29. Rb3 $17) 28. Kd3 Qxh1 29.
Qxb6 Qd1+ $6 (29... Qxd5+ 30. Kc3 Re8 $36) 30. Kc3 $1 (30. Kc4 Qxg4+ $17) 30...
Rd7 31. Kb4 Qxd5 32. Rc3+ Kb8 33. Qe3 (33. Re3 Rc7 34. Re8+ Rc8 35. Re7 Rc4+
36. Ka3 Qc5+ 37. Qxc5 dxc5 $17) 33... Qe6 34. Qxh6 (34. Qxe6 fxe6 35. Rf3 d5
36. Kc3 Rc7+ 37. Kd3 Rc4 $17) 34... Qxg4+ 35. Rc4 Qg1 36. Qh8+ Ka7 37. Ka3 (37.
Rc8 Rc7 38. Rxc7 Qb6+ 39. Ka3 Qxc7 $17) 37... Qe3+ 38. b3 d5 39. Rc8 Rd6 $138 (
39... Qe7+ $5 40. Kb2 d4 41. Ra8+ Kb6 42. Ra4 $15) 40. Ra8+ Kb6 41. Qb8 Qc1+
42. Ka4 Qc6+ (42... Qc6+ 43. Ka3 Qc1+ $10 (43... Qc7 $4 44. Ra6+ $1 $18) (43...
d4 44. Qa7+ Kc7 45. Qb8+ Kb6 $10)) 1/2-1/2